[Event "Ljubljana-chT 75th"]
[Site "Ljubljana"]
[Date "2023.03.16"]
[Round "8.4"]
[White "Cop, Jaka"]
[Black "Perme, Martin"]
[Result "1/2-1/2"]
[WhiteElo "1919"]
[BlackElo "1781"]
[PlyCount "58"]
[EventDate "2023.01.12"]
[EventType "team-swiss"]
[EventRounds "9"]
[EventCountry "SLO"]
[SourceTitle "EXT 2024"]
[Source "ChessBase"]
[SourceDate "2023.10.10"]
[SourceVersion "1"]
[SourceVersionDate "2023.10.10"]
[SourceQuality "1"]
[WhiteTeam "Ig"]
[BlackTeam "Komenda Popotnik"]
[WhiteTeamCountry "SLO"]
[BlackTeamCountry "SLO"]

1. e4 c5 2. b3 d6 3. Bb2 Nf6 4. Nc3 g6 5. Nd5 Bg7 6. Nxf6+ exf6 7. Bb5+ Nd7 8. Nf3 0-0 9. 0-0 a6 10. Bc4 Nb6 11. Be2 Re8 12. d3 d5 13. exd5 Nxd5 14. Nd2 Bf5 15. Bf3 Rb8 16. Re1 Qd7 17. Nc4 b5 18. Bxd5 Qxd5 19. Ne3 Qd7 20. Nxf5 Qxf5 21. Qf3 Qxf3 22. gxf3 Re6 23. Kf1 Rbe8 24. a4 b4 25. Rxe6 Rxe6 26. Re1 f5 27. Bxg7 Kxg7 28. Re3 Kf6 29. f4 a5 1/2-1/2

[Event "SLO-chT 31st"]
[Site "Ljubljana"]
[Date "2021.09.19"]
[Round "6.5"]
[White "Mestek, Igor"]
[Black "Perme, Martin"]
[Result "1-0"]
[WhiteElo "2078"]
[BlackElo "1679"]
[PlyCount "53"]
[EventDate "2021.09.10"]
[EventType "team-tourn"]
[EventRounds "9"]
[EventCountry "SLO"]
[SourceTitle "CBM 204 Extra"]
[Source "ChessBase"]
[SourceDate "2021.11.30"]
[SourceVersion "1"]
[SourceVersionDate "2021.11.30"]
[SourceQuality "1"]
[WhiteTeam "Kocevje Inotherm"]
[BlackTeam "Komenda"]
[WhiteTeamCountry "SLO"]
[BlackTeamCountry "SLO"]

1. e4 c5 2. Nf3 d6 3. b3 Nf6 4. e5 dxe5 5. Nxe5 e6 6. Bb2 Bd6 7. Na3 a6 8. Nac4 Bc7 9. a4 0-0 10. Bd3 b6 11. Qf3 Ra7 12. Qh3 h6 13. g4 Nh7 14. f4 f6 15. Ng6 Re8 16. Ne3 Bb7 17. Rg1 Nc6 18. g5 fxg5 19. fxg5 Nxg5 20. Qh5 Nd4 21. Nh4 Bxh2 22. Rxg5 hxg5 23. Bh7+ Kf8 24. Ng6+ Kf7 25. Ne5+ Ke7 26. Qf7+ Kd6 27. N3c4+ 1-0

[Event "SLO-chT 31st"]
[Site "Ljubljana"]
[Date "2021.09.11"]
[Round "2.4"]
[White "Perme, Martin"]
[Black "Podlesnik, Bogdan"]
[Result "0-1"]
[WhiteElo "1679"]
[BlackElo "2327"]
[PlyCount "56"]
[EventDate "2021.09.10"]
[EventType "team-tourn"]
[EventRounds "9"]
[EventCountry "SLO"]
[SourceTitle "CBM 204 Extra"]
[Source "ChessBase"]
[SourceDate "2021.11.30"]
[SourceVersion "1"]
[SourceVersionDate "2021.11.30"]
[SourceQuality "1"]
[WhiteTeam "Komenda"]
[BlackTeam "Posocje"]
[WhiteTeamCountry "SLO"]
[BlackTeamCountry "SLO"]

1. e4 c5 2. Nf3 Nc6 3. d4 cxd4 4. Nxd4 Nf6 5. Nc3 g6 6. Be3 Bg7 7. Bc4 d6 8. f3 Qb6 9. Nf5 Qxb2 10. Nxg7+ Kf8 11. Bd2 Kxg7 12. Nb5 Qe5 13. Rb1 Qc5 14. Qe2 Ne5 15. Bd3 a6 16. Be3 Qc6 17. Nd4 Qc3+ 18. Kf2 b5 19. h3 Be6 20. f4 Nc4 21. Nxe6+ fxe6 22. Rb3 Qa5 23. Bd4 e5 24. fxe5 dxe5 25. Bxc4 bxc4 26. Bb6 Qxa2 27. Rb4 Rhf8 28. Kg3 Qa3+ 0-1

[Event "SLO-chT Central 21st"]
[Site "Slovenia"]
[Date "2020.10.15"]
[Round "5.2"]
[White "Perme, Martin"]
[Black "Semeja, Mirko"]
[Result "1/2-1/2"]
[WhiteElo "1534"]
[BlackElo "1801"]
[PlyCount "96"]
[EventDate "2020.09.17"]
[EventType "team-swiss"]
[EventRounds "5"]
[EventCountry "SLO"]
[SourceTitle "EXT 2024"]
[Source "ChessBase"]
[SourceDate "2023.10.10"]
[SourceVersion "1"]
[SourceVersionDate "2023.10.10"]
[SourceQuality "1"]
[WhiteTeam "Komenda Pogi"]
[BlackTeam "Crni Graben"]
[WhiteTeamCountry "SLO"]
[BlackTeamCountry "SLO"]

1. e4 e5 2. f4 exf4 3. Nf3 d6 4. d4 Be7 5. Bc4 Nf6 6. Nc3 c6 7. 0-0 b5 8. Bd3 0-0 9. Bxf4 a5 10. a4 b4 11. Ne2 Ba6 12. Ng3 Bc8 13. Ng5 Ng4 14. Nf5 Bxf5 15. exf5 Ne3 16. Bxe3 Bxg5 17. Qd2 Bf6 18. g4 h6 19. h4 Bxh4 20. f6 Bxf6 21. Bxh6 Bxd4+ 22. Be3 Be5 23. Bg5 Qb6+ 24. Kg2 Qd4 25. Bf4 Qd5+ 26. Kg3 Nd7 27. Rh1 g6 28. Raf1 Nc5 29. Qh2 Rfe8 30. Qh7+ Kf8 31. Bxe5 Qxe5+ 32. Rf4 Ra7 33. Bxg6 Ne6 34. Qh8+ Qxh8 35. Rxh8+ Kg7 36. Rxe8 Nxf4 37. Be4 Ne2+ 38. Kf2 Nd4 39. Ke3 c5 40. Rd8 Re7 41. Rxd6 f5 42. Rd5 fxe4 43. Rxc5 Nf3 44. Rxa5 Ne1 45. Kd2 Nf3+ 46. Ke3 Ne1 47. Kd2 Nf3+ 48. Ke3 Ne1 1/2-1/2

[Event "Ljubljana-chT 73rd"]
[Site "Ljubljana"]
[Date "2020.02.27"]
[Round "5.2"]
[White "Jese, Janez"]
[Black "Perme, Martin"]
[Result "1-0"]
[WhiteElo "1703"]
[BlackElo "1533"]
[PlyCount "81"]
[EventDate "2020.01.16"]
[EventType "team-swiss"]
[EventRounds "6"]
[EventCountry "SLO"]
[SourceTitle "EXT 2024"]
[Source "ChessBase"]
[SourceDate "2023.10.10"]
[SourceVersion "1"]
[SourceVersionDate "2023.10.10"]
[SourceQuality "1"]
[WhiteTeam "Medvode Vittori Swimmear"]
[BlackTeam "Komenda Pogi"]
[WhiteTeamCountry "SLO"]
[BlackTeamCountry "SLO"]

1. e4 c5 2. Nf3 d6 3. d4 cxd4 4. Nxd4 Nf6 5. Nc3 g6 6. f3 Bg7 7. Be3 0-0 8. Qd2 Nc6 9. 0-0-0 Bd7 10. g4 Rc8 11. Kb1 Ne5 12. g5 Nh5 13. Rc1 Nc4 14. Bxc4 Rxc4 15. Nce2 b5 16. Ng3 Qc8 17. Nxh5 gxh5 18. h4 Qa6 19. b3 Rc7 20. c3 Qb7 21. Ne2 a5 22. Bd4 b4 23. Bxg7 Kxg7 24. Nf4 Ra8 25. Nxh5+ Kg8 26. Qd4 e5 27. Qxd6 Be6 28. Nf6+ Kg7 29. Qxe5 Rc6 30. Nd5+ Kg8 31. Nf6+ Kg7 32. Nh5+ Kf8 33. Qh8+ Ke7 34. Qf6+ Kf8 35. Rhd1 Rcc8 36. c4 a4 37. Rd6 Re8 38. Rcd1 axb3 39. Qh8+ Ke7 40. Rxe6+ fxe6 41. Qf6# 1-0

[Event "Ljubljana-chT 73rd"]
[Site "Ljubljana"]
[Date "2020.01.23"]
[Round "2.2"]
[White "Tansek, Branko"]
[Black "Perme, Martin"]
[Result "1/2-1/2"]
[WhiteElo "1534"]
[BlackElo "1533"]
[PlyCount "48"]
[EventDate "2020.01.16"]
[EventType "team-swiss"]
[EventRounds "6"]
[EventCountry "SLO"]
[SourceTitle "EXT 2024"]
[Source "ChessBase"]
[SourceDate "2023.10.10"]
[SourceVersion "1"]
[SourceVersionDate "2023.10.10"]
[SourceQuality "1"]
[WhiteTeam "Ljubljana SK"]
[BlackTeam "Komenda Pogi"]
[WhiteTeamCountry "SLO"]
[BlackTeamCountry "SLO"]

1. d4 Nf6 2. Nd2 c5 3. e3 cxd4 4. exd4 b6 5. Ngf3 Bb7 6. c4 d5 7. b3 g6 8. Bb2 Bg7 9. Be2 0-0 10. 0-0 Nc6 11. Re1 Qd7 12. Ne5 Qd8 13. Nxc6 Bxc6 14. Nf3 Qc7 15. h3 Rad8 16. Ne5 Bb7 17. Rc1 Qb8 18. c5 bxc5 19. Rxc5 Nd7 20. Nc6 Bxc6 21. Rxc6 Rc8 22. Rxc8 Rxc8 23. Bd3 e5 24. Bb1 e4 1/2-1/2

[Event "SLO-chT2 West"]
[Site "Komenda"]
[Date "2019.12.01"]
[Round "9.4"]
[White "Simnic, Franci"]
[Black "Perme, Martin"]
[Result "1-0"]
[WhiteElo "1664"]
[BlackElo "1489"]
[PlyCount "51"]
[EventDate "2019.11.15"]
[EventType "team-tourn"]
[EventRounds "9"]
[EventCountry "SLO"]
[SourceTitle "EXT 2024"]
[Source "ChessBase"]
[SourceDate "2023.10.10"]
[SourceVersion "1"]
[SourceVersionDate "2023.10.10"]
[SourceQuality "1"]
[WhiteTeam "Radovljica"]
[BlackTeam "Komenda SK"]
[WhiteTeamCountry "SLO"]
[BlackTeamCountry "SLO"]

1. Nf3 c5 2. e4 d6 3. c3 Nf6 4. Bc4 Nxe4 5. Qa4+ Nc6 6. Bxf7+ Kxf7 7. Qxe4 e6 8. d4 cxd4 9. Ng5+ Ke8 10. Nxh7 Kd7 11. 0-0 d5 12. Qg6 Ne5 13. Nxf8+ Qxf8 14. Qg3 Qf5 15. Qxg7+ Kd6 16. Qxh8 Nf3+ 17. gxf3 Qxf3 18. Qh4 e5 19. Qg3 Qf7 20. cxd4 Be6 21. Qxe5+ Kc6 22. Bf4 Bh3 23. Rc1+ Kb5 24. a4+ Ka6 25. Qe2+ Kb6 26. Qb5# 1-0

[Event "SLO-chT Central 1st League 20th"]
[Site "Slovenia"]
[Date "2019.11.07"]
[Round "8.2"]
[White "Arcon, Roman"]
[Black "Perme, Martin"]
[Result "1-0"]
[WhiteElo "1583"]
[BlackElo "1489"]
[PlyCount "54"]
[EventDate "2019.09.12"]
[EventType "team-tourn"]
[EventRounds "9"]
[EventCountry "SLO"]
[SourceTitle "EXT 2024"]
[Source "ChessBase"]
[SourceDate "2023.10.10"]
[SourceVersion "1"]
[SourceVersionDate "2023.10.10"]
[SourceQuality "1"]
[WhiteTeam "Medvode"]
[BlackTeam "Komenda Pogi"]
[WhiteTeamCountry "SLO"]
[BlackTeamCountry "SLO"]

1. e4 c5 2. b4 cxb4 3. d4 d6 4. Bc4 Qc7 5. Qe2 e6 6. Nf3 Ne7 7. 0-0 Ng6 8. h4 h5 9. Bg5 Be7 10. Nbd2 Bxg5 11. hxg5 h4 12. Qe3 h3 13. g3 f6 14. Kh2 Nc6 15. Qd3 e5 16. d5 Nce7 17. Bb5+ Bd7 18. Bxd7+ Qxd7 19. Rab1 Qg4 20. Rxb4 b6 21. Nc4 Nf4 22. Nxd6+ Kf8 23. Qe3 Rd8 24. Nf5 Nfxd5 25. Qd3 Nxf5 26. exd5 Qxb4 27. Qxf5 Qc4 1-0

[Event "Ljubljana-chT 72nd 1st League"]
[Site "Ljubljana"]
[Date "2019.03.07"]
[Round "6.1"]
[White "Perme, Martin"]
[Black "Konvalinka, Kostja"]
[Result "1-0"]
[WhiteElo "1252"]
[BlackElo "1717"]
[PlyCount "103"]
[EventDate "2019.01.10"]
[EventType "team-tourn"]
[EventRounds "9"]
[EventCountry "SLO"]
[SourceTitle "EXT 2024"]
[Source "ChessBase"]
[SourceDate "2023.10.10"]
[SourceVersion "1"]
[SourceVersionDate "2023.10.10"]
[SourceQuality "1"]
[WhiteTeam "Komenda Pogi"]
[BlackTeam "Trzin"]
[WhiteTeamCountry "SLO"]
[BlackTeamCountry "SLO"]

1. e4 c5 2. Nf3 d6 3. d4 cxd4 4. Nxd4 Nf6 5. Nc3 g6 6. Be3 Bg7 7. f3 0-0 8. Qd2 Re8 9. 0-0-0 Nc6 10. h4 Nxd4 11. Bxd4 Be6 12. h5 Qa5 13. Kb1 Rec8 14. g4 Rxc3 15. Qxc3 Qxa2+ 16. Kc1 Rc8 17. Qa3 Bh6+ 18. Rd2 Qxa3 19. bxa3 a6 20. hxg6 Bxd2+ 21. Kxd2 hxg6 22. g5 Nh7 23. f4 b5 24. Bd3 Bc4 25. f5 gxf5 26. exf5 Bxd3 27. Kxd3 e5 28. fxe6 fxe6 29. g6 e5 30. gxh7+ Kh8 31. Be3 d5 32. Bg5 Rf8 33. Rh6 Kg7 34. h8Q+ Rxh8 35. Rxh8 Kxh8 36. Bf6+ Kg8 37. Bxe5 Kf7 38. Kd4 Ke6 39. Bf4 a5 40. Bd2 a4 41. Bb4 Kf5 42. Kxd5 Kf4 43. Kc5 Ke3 44. Kxb5 Ke2 45. c4 Kd3 46. c5 Kc2 47. c6 Kb3 48. c7 Kb2 49. c8Q Kb1 50. Qc3 Ka2 51. Qc2+ Ka1 52. Bc3# 1-0

[Event "SLO-chT1 Central 19th"]
[Site "Slovenia"]
[Date "2018.10.11"]
[Round "5"]
[White "Tansek, Branko"]
[Black "Perme, Martin"]
[Result "1/2-1/2"]
[WhiteElo "1600"]
[BlackElo "1201"]
[PlyCount "78"]
[EventDate "2018.09.13"]
[EventType "team-tourn"]
[EventRounds "9"]
[EventCountry "SLO"]
[SourceTitle "EXT 2021"]
[Source "ChessBase"]
[SourceDate "2020.10.23"]
[SourceVersion "1"]
[SourceVersionDate "2020.10.23"]
[SourceQuality "1"]
[WhiteTeam "Ljubljana SK"]
[BlackTeam "Komenda Pogi"]
[WhiteTeamCountry "SLO"]
[BlackTeamCountry "SLO"]

1. d4 d5 2. Nd2 Bf5 3. e3 e6 4. c4 c6 5. Ngf3 Nf6 6. Qb3 b6 7. Bd3 Bg6 8. Ne5 Bxd3 9. Qxd3 Qc7 10. 0-0 Bd6 11. Ndf3 Bxe5 12. Nxe5 Nbd7 13. Nxd7 Qxd7 14. b3 0-0 15. Bb2 Rfc8 16. Rac1 Rc7 17. Ba3 c5 18. dxc5 bxc5 19. Bb2 Qe7 20. Bxf6 Qxf6 21. cxd5 exd5 22. Qxd5 Rd8 23. Qc4 h6 24. Qe2 Rd5 25. Rfd1 Rg5 26. Rc4 h5 27. Rf4 Qc6 28. Qf3 Rd7 29. Rxd7 Qxd7 30. h3 f6 31. Kh2 Qd2 32. Ra4 Qd6+ 33. Qf4 Qd5 34. Qe4 Qd6+ 35. Qf4 Qd5 36. Qe4 Qd2 37. Rxa7 Qd6+ 38. g3 f5 39. Qa8+ Kh7 1/2-1/2

[Event "SLO-chT U16"]
[Site "Murska Sobota"]
[Date "2018.05.11"]
[Round "1"]
[White "Perme, Martin"]
[Black "Ferfole, Ziga"]
[Result "1-0"]
[WhiteElo "1197"]
[BlackElo "1615"]
[PlyCount "33"]
[EventDate "2018.05.11"]
[EventType "team-swiss"]
[EventRounds "5"]
[EventCountry "SLO"]
[SourceTitle "EXT 2020"]
[Source "ChessBase"]
[SourceDate "2019.10.17"]
[SourceVersion "1"]
[SourceVersionDate "2019.10.17"]
[SourceQuality "1"]

1. e4 e5 2. Nf3 Nc6 3. Bc4 Bc5 4. Nc3 a6 5. d3 b5 6. Bb3 Nge7 7. Ng5 0-0 8. Qh5 h6 9. Nxf7 Rxf7 10. Bxf7+ Kh8 11. Bxh6 g6 12. Bxg6 Nxg6 13. Bg5+ Kg7 14. Qh6+ Kf7 15. Qh7+ Ke6 16. Qxg6+ Qf6 17. Qxf6# 1-0

[Event "SLO-chT3 West"]
[Site "Komenda"]
[Date "2017.12.10"]
[Round "5.3"]
[White "Perme, Martin"]
[Black "More, Erlend"]
[Result "0-1"]
[WhiteElo "1007"]
[BlackElo "1611"]
[PlyCount "72"]
[EventDate "2017.12.08"]
[EventType "team-swiss"]
[EventRounds "5"]
[EventCountry "SLO"]
[SourceTitle "EXT 2019"]
[Source "ChessBase"]
[SourceDate "2018.10.10"]
[SourceVersion "1"]
[SourceVersionDate "2018.10.10"]
[SourceQuality "1"]
[WhiteTeam "Komenda Suma"]
[BlackTeam "Komenda Popotnik"]
[WhiteTeamCountry "SLO"]
[BlackTeamCountry "SLO"]

1. e4 Nf6 2. Nc3 d5 3. d3 d4 4. e5 Ng4 5. f4 dxc3 6. Be2 Nh6 7. Bf3 Nf5 8. Ne2 Nd4 9. Nxc3 Nxf3+ 10. Qxf3 Nc6 11. 0-0 e6 12. Be3 Nd4 13. Qf2 Nf5 14. Bd2 b6 15. Ne4 Bb7 16. Nc3 Bc5 17. Qxc5 bxc5 18. Nb5 a6 19. Nc3 Qh4 20. g3 Nxg3 21. Kf2 Ne4+ 22. Ke3 Nxd2 23. Kxd2 Qxh2+ 24. Ke1 c4 25. Rf2 Qg1+ 26. Rf1 Qe3+ 27. Ne2 cxd3 28. cxd3 Rd8 29. Rd1 0-0 30. b3 Rd5 31. a3 Rfd8 32. d4 Rxd4 33. Rxd4 Rxd4 34. f5 Rd2 35. Rf2 Bf3 36. Rxf3 Qxe2# 0-1

[Event "SLO-chT Central 1st League 18th"]
[Site "Slovenia"]
[Date "2017.10.19"]
[Round "6.2"]
[White "Perme, Martin"]
[Black "Novak, Manfred"]
[Result "0-1"]
[WhiteElo "1007"]
[BlackElo "1700"]
[PlyCount "96"]
[EventDate "2017.09.14"]
[EventType "team-swiss"]
[EventRounds "9"]
[EventCountry "SLO"]
[SourceTitle "EXT 2022"]
[Source "ChessBase"]
[SourceDate "2021.10.06"]
[SourceVersion "1"]
[SourceVersionDate "2021.10.06"]
[SourceQuality "1"]
[WhiteTeam "Komenda Suma"]
[BlackTeam "Bor Dob II"]
[WhiteTeamCountry "SLO"]
[BlackTeamCountry "SLO"]

1. e4 e5 2. Nf3 Nc6 3. Bc4 Be7 4. d3 Nf6 5. Nc3 0-0 6. 0-0 d6 7. h3 Na5 8. Bb3 Nxb3 9. axb3 c6 10. Nh2 Ne8 11. f4 exf4 12. Bxf4 Bg5 13. Ng4 Bxf4 14. Rxf4 Qg5 15. Qf3 f5 16. Rf1 Nc7 17. exf5 d5 18. f6 Bxg4 19. Rxg4 Qh6 20. Qg3 Ne6 21. Re1 Rxf6 22. Qd6 Raf8 23. Qe7 Nd8 24. Re5 R6f7 25. Qc5 Qc1+ 26. Kh2 Qxc2 27. Qd4 Qxb2 28. Rf5 Ne6 29. Qe5 Rxf5 30. Qxe6+ R5f7 31. Nd1 Qxb3 32. Ne3 Qxd3 33. Rg3 Qe4 34. Qh6 Kh8 35. Qh5 a5 36. Ng4 Qf5 37. Qh4 b5 38. Nh6 gxh6 39. Kh1 Qf4 40. Rg4 Qd6 41. Rg3 c5 42. Qg4 b4 43. Kh2 a4 44. Kh1 a3 45. h4 a2 46. Kh2 a1Q 47. h5 Rg7 48. Qe2 Qxg3# 0-1